000 00806cab a2200265 4500
001 ABS58591
008 090401t1998 xxu||||| |||| 00| 0 eng d
035 _a(Sirsi) u85974
041 _aeng
100 _aSharkey, M.
245 _aWireless at work
260 _c1998
350 _a0
490 _aFaculty of Building Journal
_v7(2) April 1998, 25-26(2)
520 _aDeveloping technology could mean an end to the office desk. Considers mobility for staff in the workplace by technological advances.
650 _aLOCAL AREA NETWORK
650 _aMOBILITY
650 _aOFFICE ENVIRONMENT
650 _aOFFICES
650 _aTELECOMMUNICATIONS
650 _aWORKPLACE MANAGEMENT
690 _aMANAGEMENT-BUSINESS MANAGEMENT-INFORMATION MANAGEMENT
942 _n0
948 _c01/05/1998
999 _c54090
_d54090